Normal view MARC view
  • PONCE ZAVALA, MANUEL,

Entry Nombre Personal

Number of records used in: 1

001 - NUMERO DE CONTROL

  • campo de control: 1480

003 - IDENTIFICADOR DE NUMERO DE CONTROL

  • campo de control: UPN

005 - FECHA Y HORA DE LA ÜLTIMA TRANSACCIÓN

  • campo de control: 20210219193613.0

008 - DATOS DE LONGITUD FIJA

  • campo de control de longitud fija: nabaccnnaabn|||||||||| b |nc|||||d

035 ## - NUMERO DE CONTROL

  • Número de control: UPN10000001480

040 ## - FUENTE DE CATALOGACIÓN

  • Lenguaje de catalogación: SPA
  • Agencia de transcripción: UPN

100 1# - ENCABEZAMIENTO - NOMBRE PERSONAL

  • Nombre personal: PONCE ZAVALA, MANUEL,
  • Fechas asociadas con el nombre: 1913-1994-
  • Subdivisión de forma: SELECCIONES, EXTRACTOS, ETC.

670 ## - FUENTE EN LA QUE SE LOCALIZARON DATOS

  • Cita de la fuente: T
  • Uniform Resource Identifier: http://www.literaturainba.com/diccionarios/diccionario_more.php?id=435_0_2_100_M8

902 ## - CATALOGADOR

  • Catalogador: CAA/100697